| Tag |
First Indicator |
Second Indicator |
Subfields |
| LEADER |
00000nam a2200000 i 4500 |
| 001 |
in00004688821 |
| 006 |
m o d |
| 007 |
cr cnu---unuuu |
| 008 |
110415s2011 dcua ob 001 0ceng d |
| 005 |
20260214210956.2 |
| 020 |
|
|
|a 9781555817220
|q (electronic bk.)
|
| 020 |
|
|
|a 155581722X
|q (electronic bk.)
|
| 020 |
|
|
|a 9781683671107
|q (electronic bk.)
|
| 020 |
|
|
|a 1683671104
|q (electronic bk.)
|
| 020 |
|
|
|z 9781283656474
|
| 020 |
|
|
|z 1283656477
|
| 020 |
|
|
|z 9781555815295
|q (pbk.)
|
| 020 |
|
|
|z 1555815294
|q (pbk.)
|
| 024 |
7 |
|
|a 10.1128/9781555817220
|2 doi
|
| 035 |
|
|
|a wil6007436
|
| 035 |
|
|
|a (NhCcYBP)wil6007436
|
| 037 |
|
|
|b American Society for Microbiology Press
|n www.ASMscience.org
|
| 040 |
|
|
|a NhCcYBP
|b eng
|e rda
|c NhCcYBP
|
| 050 |
|
4 |
|a RB153
|b .G39 2011eb
|
| 060 |
|
4 |
|a WZ 112
|b G285g 2011
|
| 072 |
|
7 |
|a BIO
|x 017000
|2 bisacsh
|
| 072 |
|
7 |
|a HEA
|x 039000
|2 bisacsh
|
| 072 |
|
7 |
|a MED
|x 014000
|2 bisacsh
|
| 072 |
|
7 |
|a MED
|x 022000
|2 bisacsh
|
| 072 |
|
7 |
|a MED
|x 112000
|2 bisacsh
|
| 072 |
|
7 |
|a MED
|x 045000
|2 bisacsh
|
| 082 |
0 |
4 |
|a 616.9/0410922
|2 22
|
| 100 |
1 |
|
|a Gaynes, Robert P.,
|e author.
|
| 245 |
1 |
0 |
|a Germ theory :
|b medical pioneers in infectious diseases /
|c Robert P. Gaynes.
|
| 264 |
|
1 |
|a Washington, DC :
|b ASM Press,
|c ©2011.
|
| 300 |
|
|
|a 1 online resource (xii, 329 pages) :
|b illustrations
|
| 336 |
|
|
|a text
|b txt
|2 rdacontent
|
| 337 |
|
|
|a computer
|b c
|2 rdamedia
|
| 338 |
|
|
|a online resource
|b cr
|2 rdacarrier
|
| 347 |
|
|
|a data file
|
| 490 |
1 |
|
|a Textbook, ASM Press
|
| 500 |
|
|
|a Robert P. Gaynes is an Associate Professor in the Emory University School of Medicine, Division of Infectious Diseases. Dr. Gaynes utilizes a computerized patient record system and clinical decision support to develop a computerized surveillance of antimicrobial use, nosocomial infections, potential risk factors, pathogens and their antimicrobial susceptibility patterns in Atlanta. He developed prevention strategies and guidelines to reduce the risk of nosocomial infections and antimicrobial resistance in acute or chronic health-care settings.
|
| 504 |
|
|
|a Includes bibliographical references and index.
|
| 505 |
0 |
|
|a Introduction -- Hippocrates, the father of modern medicine -- Avicenna, a thousand years ahead of his time -- Girolamo Fracastoro and contagion in Renaissance medicine -- Antony van Leeuwenhoek and the birth of microscopy -- The demise of the humoral theory of medicine -- Edward Jenner and the discovery of vaccination -- Ignaz Semmelweis and the control of puerperal sepsis -- Louis Pasteur and the germ theory of disease -- Robert Koch and the rise of bacteriology -- Joseph Lister, the man who made surgery safe -- Paul Ehrlich and the magic bullet -- Alexander Fleming and the discovery of penicillin -- Lillian Wald and the foundations of modern public health -- Conclusions.
|
| 520 |
|
|
|a From Hippocrates to Lillian Wald, the stories of scientists whose work changed the way we think about and treat infection. Describes the genesis of the germ theory of disease by a dozen seminal thinkers such as Jenner, Lister, and Ehrlich. Presents the "inside stories" of these pioneers' struggles to have their work accepted, which can inform strategies for tackling current crises in infectious diseases and motivate and support today's scientists. Relevant to anyone interested in microbiology, infectious disease, or how medical discoveries shape our modern understanding.
|
| 588 |
0 |
|
|a Print version record.
|
| 650 |
|
0 |
|a Germ theory of disease
|x History.
|
| 650 |
|
0 |
|a Medical scientists
|v Biography.
|
| 650 |
|
0 |
|a Microbiologists
|v Biography.
|
| 650 |
|
0 |
|a Microbiology.
|
| 650 |
1 |
2 |
|a Infectious Disease Medicine
|
| 650 |
1 |
2 |
|a Germ Theory of Disease
|x history
|
| 650 |
2 |
2 |
|a Microbiology
|
| 650 |
2 |
2 |
|a Communicable Diseases
|x microbiology
|
| 655 |
|
2 |
|a Biography
|
| 710 |
2 |
|
|a American Society for Microbiology.
|
| 776 |
0 |
8 |
|i Print version:
|a Gaynes, Robert P.
|t Germ theory.
|d Washington, DC : ASM Press, ©2011
|z 9781283656474
|w (DLC) 2011015512
|
| 830 |
|
0 |
|a Textbook, ASM Press.
|
| 856 |
4 |
0 |
|u http://proxy.library.tamu.edu/login?url=https://onlinelibrary.wiley.com/book/10.1128/9781555817220
|z Connect to the full text of this electronic book
|t 0
|
| 955 |
|
|
|a Wiley EBA record
|
| 975 |
|
|
|p Wiley UBCM Full Collection 2026
|
| 999 |
f |
f |
|s af393717-2bb8-4d7c-8c13-a26158c2e80b
|i 85391642-8a06-406b-b953-b55b501cd4b6
|t 0
|
| 952 |
f |
f |
|a Texas A&M University
|b College Station
|c Electronic Resources
|s evans_pda
|d Available Online
|t 0
|e RB153 .G39 2011eb
|h Library of Congress classification
|
| 998 |
f |
f |
|a RB153 .G39 2011eb
|t 0
|l Available Online
|